ՀՀ Գիտությունների ազգային ակադեմիայի հիմնարար գիտական գրադարան  =   Fundamental Scientific Library of NAS RA

Ականջօղեր հայրենիքիս : (Record no. 75877)

MARC details
000 -LEADER
fixed length control field 00814nam a2200217 a 4500
001 - CONTROL NUMBER
control field 000216491
003 - CONTROL NUMBER IDENTIFIER
control field AM-YeHGA
005 - DATE AND TIME OF LATEST TRANSACTION
control field 20250618071501.0
008 - FIXED-LENGTH DATA ELEMENTS--GENERAL INFORMATION
fixed length control field 030407s2003 ai c||||r|||||||||1|arm|d
020 ## - INTERNATIONAL STANDARD BOOK NUMBER
International Standard Book Number 999309725x
040 ## - CATALOGING SOURCE
Original cataloging agency AM-YeHGA
041 0# - LANGUAGE CODE
Language code of text/sound track or separate title arm
090 ## - LOCALLY ASSIGNED LC-TYPE CALL NUMBER (OCLC); LOCAL CALL NUMBER (RLIN)
-- 77110
100 1# - MAIN ENTRY--PERSONAL NAME
Personal name Սիրունյան, Ղուկաս Տիգրանի,
Dates associated with a name 1949-2017
9 (RLIN) 2416
245 10 - TITLE STATEMENT
Title Ականջօղեր հայրենիքիս :
Remainder of title [Բանաստեղծություններ] /
Statement of responsibility, etc. Ղ. Սիրունյան ; Խմբ.՝ Վ. Ալեքսանյան.
260 ## - PUBLICATION, DISTRIBUTION, ETC.
Place of publication, distribution, etc. Երևան :
Name of publisher, distributor, etc. ՀԳՄ հրատ.,
Date of publication, distribution, etc. 2003.
300 ## - PHYSICAL DESCRIPTION
Extent 96 էջ :
Other physical details դիմանկ. ;
Dimensions 20 սմ.
650 14 - SUBJECT ADDED ENTRY--TOPICAL TERM
Topical term or geographic name entry element Հայ գրականություն
General subdivision Պոեզիա
700 1# - ADDED ENTRY--PERSONAL NAME
Personal name Ալեքսանյան, Վառլեն Գուրգենի,
Dates associated with a name 1942-2015
Relator term խմբ.
Relationship edt
9 (RLIN) 80
942 ## - ADDED ENTRY ELEMENTS (KOHA)
Source of classification or shelving scheme Universal Decimal Classification
Koha item type Գրքեր / Books
Holdings
Withdrawn status Lost status Damaged status Not for loan Collection Home library Current library Date acquired Total checkouts Full call number Barcode Date last seen Price effective from Koha item type Public note
        General Fundamental Scientific Library Fundamental Scientific Library 22/12/2016   AII/88384 220088384 22/12/2016 22/12/2016 Գրքեր / Books 30 Days Loan


ՀՀ ԳԱԱ հիմնարար գիտական գրադարան
ՀՀ,Երևան 0019
Մարշալ Բաղրամյան 24/6
հեռախոս:(374-10) 52-47-50
Հետադարձ կապ

All site content, except where otherwise noted, is licensed under a
Creative Commons License